000
00300nam a22001217a 4500
008
230619b xxu||||| |||| 00| 0 eng d
082
_a
266.02
_b
PHI
100
_c
Horace R. A. Philp
245
_a
A New Day in Kenya
260
_a
London
_b
World Dominion Press
_c
1936
300
_a
187p
942
_2
ddc
_c
BK
999
_c
1339
_d
1339